书目信息 |
| 题名: |
云破月来
|
|
| 作者: | 司保峰 著 | |
| 分册: | ||
| 出版信息: | 上海 东方出版中心 2019.9 |
|
| 页数: | 311页 | |
| 开本: | 21cm | |
| 丛书名: | ||
| 单 册: | ||
| 中图分类: | G633.302 | |
| 科图分类: | ||
| 主题词: | 中学语文课--教学研究 | |
| 电子资源: | ||
| ISBN: | 978-7-5473-1514-9 | |
| 000 | 00859nam0 2200253 45 | |
| 001 | 012001000092 | |
| 005 | 20140817112534.0 | |
| 010 | @a978-7-5473-1514-9@dCNY59.00 | |
| 100 | @a20200408d2019 em y0chiy0110 ea | |
| 101 | 0 | @achi |
| 102 | @aCN@b310000 | |
| 105 | @ay z 000yy | |
| 106 | @ar | |
| 200 | 1 | @a云破月来@Ayun po yue lai@e文本深读与语文核心素养@f司保峰著 |
| 210 | @a上海@c东方出版中心@d2019.9 | |
| 215 | @a311页@d21cm | |
| 300 | @a其他题名:文本深读与语文核心素养 | |
| 330 | @a本书结合实际教学案例探讨高中教学中“文本深读”这一新型教学模式,既有对文本深读这一创新模式的理论探索,也有来自中学语文课堂教学实践的多种案例。 | |
| 517 | 1 | @a文本深读与语文核心素养 |
| 606 | 0 | @a中学语文课@x教学研究 |
| 690 | @aG633.302@v5 | |
| 701 | 0 | @a司保峰@Asi bao feng@c(中学教育)@4著 |
| 801 | @aCN@bAHXH@c20210922 | |
| 905 | @b1361444-8@dG633.302@e1001@f5 | |
| 云破月来:文本深读与语文核心素养/司保峰著.-上海:东方出版中心,2019.9 |
| 311页;21cm |
| 其他题名:文本深读与语文核心素养 |
| ISBN 978-7-5473-1514-9:CNY59.00 |
| 本书结合实际教学案例探讨高中教学中“文本深读”这一新型教学模式,既有对文本深读这一创新模式的理论探索,也有来自中学语文课堂教学实践的多种案例。 |
| ● |
| 相关链接 |
|
|
|
|
正题名:云破月来
索取号:G633.302/1001
 
预约/预借
| 序号 | 登录号 | 条形码 | 馆藏地/架位号 | 状态 | 备注 |
| 1 | 1361444 | 213614445 | 第一样本阅览室/ [索取号:G633.302/1001] | 在馆 | |
| 2 | 1361445 | 213614454 | 教育系资料室/ [索取号:G633.302/1001] | 在馆 | |
| 3 | 1361446 | 213614463 | 教育系资料室/ [索取号:G633.302/1001] | 在馆 | |
| 4 | 1361447 | 213614472 | 第四借阅区/ [索取号:G633.302/1001] | 在馆 | |
| 5 | 1361448 | 213614481 | 第四借阅区/ [索取号:G633.302/1001] | 在馆 |